Landen rond de Middellandse Zee - KAART - Statistieken

Algemene statistieken
  • Deze quiz is 92 keer genomen
  • De gemiddelde score is 18 van 22
Antwoorden op de kaart
Antwoorden kleurgecodeerd door een groen-rode schaal op de quizkaart volgens % correct hieronder.
 
Antwoordstatistieken
Antwoord % Correct
Frankrijk
93%
Italië
91%
Marokko
91%
Spanje
91%
Egypte
89%
Turkije
89%
Cyprus
87%
Griekenland
87%
Libanon
87%
Libië
87%
Monaco
87%
Israël
84%
Kroatië
84%
Malta
84%
Algerije
80%
Bosnië en Herzegovina
80%
Slovenië
80%
Syrië
80%
Tunesië
78%
Albanië
76%
Montenegro
76%
Palestijnse Gebieden
67%
Geen overeenkomende quizzen gevonden
Scoreverdeling
Procent van Mensen met Elke Score
Percentiel versus Aantal Correcte Antwoorden
Uw Scoregeschiedenis
U heeft deze quiz nog niet genomen